| 000 | 00727cam a22002653a 4500 | ||
|---|---|---|---|
| 001 | 30429 | ||
| 003 | PGUSA | ||
| 005 | 20140828083646.0 | ||
| 008 | 091108s2009||||xxu|||||s|||||000 | eng d | ||
| 040 |
_aPGUSA _beng |
||
| 042 | _adc | ||
| 050 | 4 | _aQH | |
| 100 | 1 |
_aMott, Henry A. _q(Henry Augustus), _d1852-1896 |
|
| 245 | 1 | 0 |
_aWas Man Created? _h[electronic resource] / _cHenry A. Mott |
| 260 |
_bProject Gutenberg, _c2009 |
||
| 506 | _aPublic domain in the USA. | ||
| 516 | _aElectronic text | ||
| 653 | _aHuman beings -- Origin | ||
| 653 | _aEvolution | ||
| 653 | _aNatural selection | ||
| 653 | _aCreation | ||
| 830 | 0 |
_aProject Gutenberg _v30429 |
|
| 856 | 4 | 0 | _uhttp://www.gutenberg.org/ebooks/30429 |
| 942 | _cEB | ||
| 999 |
_c259684 _d259684 |
||